| 000 | 01541cam a22002411 4500 | ||
|---|---|---|---|
| 001 | 000019927 | ||
| 005 | 20200929170207.0 | ||
| 008 | 740605s1967 nju b 000 0 eng | ||
| 010 | _a67025930 | ||
| 040 |
_aDO-SdBNP _cDLC _dDLC |
||
| 043 | _an-us--- | ||
| 050 | 0 | 0 |
_aPN2266 _b.K38 |
| 100 | 1 |
_aKernan, Alvin B., _ecomp. _942497 |
|
| 245 | 0 | 4 |
_aThe modern American theater; : _ba collection of critical essays, / _cedited by Alvin B. Kernan. |
| 260 |
_aEnglewood Cliffs, N.J., : _bPrentice-Hall, _c[1967]. |
||
| 300 |
_a183 p. ; _c21 cm. |
||
| 490 | 0 | _aA Spectrum book: Twentieth century views | |
| 505 | 0 | _aThe attempted dance: a discussion of the modern theater, by A. B. Kernan.--American blues: the plays of Arthur Miller and Tennessee Williams, by K. Tynan.--The world of Thornton Wilder, by T. Guthrie.--The comedy of Thornton Wilder, by T. Bogard.--The men-taming women of William Inge: The dark at the top of the stairs, by R. Brustein--The theater of Edward Albee, by L. Baxandall.--What's the matter with Edward Albee? By T. Driver.--Broadway, by F. Fergusson.--Off-Broadway: editor's note.--The pass-the-hat theater circuit, by E.E. Lester.--Happenings in the New York scene, by A. Kaprow.--The juggernaut of production, by G. Rogoff.--The drama is coming now, by R. Gilman.--Which theater is the absurd one? By E. Albee.--Bibliography (p. 181-183) | |
| 650 | 0 |
_aTheater _zUnited States. _942498 |
|
| 650 | 0 |
_aDrama _y20th century _xHistory and criticism. _942499 |
|
| 910 | _aCatalogación derivada / LC | ||
| 082 | 0 | 0 | _a792/.097/3 |
| 999 |
_c19440 _d19440 |
||